书目信息 |
| 题名: |
桎梏
|
|
| 作者: | 宋洋 著 | |
| 分册: | ||
| 出版信息: | 北京 北京美术摄影出版社 2005.01 |
|
| 页数: | 158页 | |
| 开本: | 24cm | |
| 丛书名: | ||
| 单 册: | ||
| 中图分类: | J228.7 | |
| 科图分类: | ||
| 主题词: | 绘画--中国 | |
| 电子资源: | ||
| ISBN: | 7-80501-318-7 | |
| 000 | 00591 nam 000229 | |
| 001 | 0100010189 | |
| 005 | 20100803164525.63 | |
| 010 | @a7-80501-318-7@dCNY18.00 | |
| 100 | @a20100801d2003 em y0chiy0121 ea | |
| 101 | @achi | |
| 102 | @aCN@b110000 | |
| 105 | @ay z 000yy | |
| 200 | 10 | @a桎梏@Azhi gu@f宋洋著@Fsong yang zhu |
| 210 | @a北京@c北京美术摄影出版社@d2005.01 | |
| 215 | @a158页@d24cm | |
| 540 | @a桎梏 | |
| 606 | @a绘画@x中国 | |
| 690 | @aJ228.7@v4 | |
| 701 | 0 | @a宋洋@Asong yang@4著 |
| 801 | @aCN@bDYGS@c20100803 | |
| 901 | @a210902 | |
| 905 | @b971253-5@dJ228.7@eS786-2@f3 | |
| 桎梏/宋洋著.-北京:北京美术摄影出版社,2005.01 |
| 158页;24cm |
| ISBN 7-80501-318-7:CNY18.00 |
| ● |
| 相关链接 |
|
|
|
正题名:桎梏
索取号:J228.7/S786-2
 
预约/预借
| 序号 | 登录号 | 条形码 | 馆藏地/架位号 | 状态 | 备注 |
| 1 | 971253 | 209712532 | 社科库309/309社科库 77排4列1层/ [索取号:J228.7/S786-2] | 在馆 | |
| 2 | 971254 | 209712541 | 社科库309/309社科库 77排4列1层/ [索取号:J228.7/S786-2] | 在馆 | |
| 3 | 971255 | 209712550 | 社科库309/309社科库 77排4列1层/ [索取号:J228.7/S786-2] | 在馆 |